| 000 | 00487nam a2200121Ia 4500 | ||
|---|---|---|---|
| 008 | 220620s9999||||xx |||||||||||||| ||und|| | ||
| 100 | _aGARCIA MONTERO, HECTOR | ||
| 245 | 0 | _aChapter Wealth inequality in Catalonia, 1400-1800. Sources, data and a case study | |
| 546 | _aEnglish[eng] | ||
| 650 | _aeconomic inequality||economic history||spanish economic history||Catalonia||pre-industrial age | ||
| 856 | _uhttps://library.oapen.org/bitstream/20.500.12657/56043/1/14212.pdf | ||
| 942 | _cEB | ||
| 999 |
_c31125 _d31125 |
||